Je peux pas - Ben Mazué - Paroles - Statistiques

Statistiques générales
  • Ce quiz a été pris 4 fois
  • Le résultat moyen est 122 sur 280
Statistiques - réponses
Réponse % Correct
Et
100%
et
100%
je
100%
La
100%
la
100%
Là,
100%
le
100%
les
100%
Les
100%
pour
100%
Pour
100%
à
50%
aimer
50%
au
50%
bien
50%
Ça
50%
ça
50%
ça,
50%
C'est
50%
comme
50%
conflit
50%
d'amoureux
50%
de
50%
dégénérer
50%
des
50%
du
50%
Dure
50%
entre
50%
fait
50%
gens
50%
gentille
50%
gère
50%
gérer
50%
guerre
50%
ira,
50%
ira
50%
J'ai
50%
j'peux,
50%
j'peux
50%
J'peux
50%
jusqu'au
50%
l'ennui
50%
lien
50%
loin
50%
Mais
50%
matin,
50%
même
50%
Même
50%
moi
50%
Moi
50%
nous
50%
Okay
50%
on
50%
partir
50%
pas
50%
pas,
50%
peut
50%
peux
50%
pourquoi
50%
querelle
50%
sais,
50%
Sans
50%
sans
50%
Si
50%
si
50%
soirée,
50%
ta
50%
t'en
50%
tes
50%
Toi
50%
très
50%
tu
50%
Tu
50%
veux
50%
Affronter
0%
aigus
0%
Après
0%
as
0%
Assombrissent
0%
besoin
0%
chaque
0%
conflits
0%
dans
0%
dévalent
0%
devras
0%
disent
0%
dois
0%
d'savoir
0%
eaux
0%
faudra
0%
fois
0%
fuis
0%
heureusement
0%
il
0%
ils
0%
important,
0%
J'comprends
0%
J'entends
0%
j'me
0%
J'préfère
0%
juste
0%
l'absence,
0%
lieux
0%
longtemps
0%
mois
0%
mots
0%
Oui,
0%
Parce
0%
parfois
0%
perdu
0%
Pourtant
0%
prévenir,
0%
prévoir,
0%
printemps
0%
Quand
0%
que
0%
quitter
0%
rentres
0%
sait
0%
se
0%
s'engueuler
0%
sens
0%
sourcils
0%
torrents
0%
vérité
0%
violence
0%
voix
0%
vraiment
0%
yeux
0%
Aucun quiz correspondant
Distribution des résultats
% des personnes avec chaque résultat
Percentile par nombre de réponses
Votre historique - résultats
Vous n’avez pas pris ce quiz